Meistverkaufte Automodelle in Deutschland - Statistiken

Allgemein
  • Dieses Quiz wurde 303 mal gespielt
    83 seit der letzten Aktualisierung
  • Das Durchschnittsergebnis liegt bei 6 aus 15
Antwortstatistiken
fire Vertrieb Rang Modell % Korrekt
Volkswagen 85,023 1 golf
97%
Opel 48,581 4 Corsa
68%
Volkswagen 44,609 7 Passat
68%
SEAT 38,425 8 Leon
58%
Audi 37,505 10 A6
57%
Skoda 44,890 6 Octavia
54%
Volkswagen 63,316 3 Tiguan
54%
Opel 34,928 12 Astra
53%
Volkswagen 78,264 2 T-Roc
35%
BMW 37,643 9 5ER
23%
BM1 47,143 5 X1
23%
Volkswagen 34,563 14 ID.3
18%
Mini 34,647 13 Mini
9%
Volkswagen 34,548 15 Bulli
5%
Mercedes 37,146 11 GLK, GLC
0%
Keine übereinstimmenden Quizze gefunden
Verteilung der Resultate
Anzahl Personen mit jedem Resultat
Perzentil nach korrekt beantworteten Fragen
Ihre Resultats-Entwicklung
Sie haben dieses Quiz seit der letzten Aktualisierung nicht gespielt